000 00254nam a2200097Ia 4500
001 1120021
005 20250827004616.0
008 250824s9999 xx 000 0 und d
245 0 _aDELİ ÇOCUĞUN GÜNCESİ
_cÖZGÜR BACAKSIZ
260 _bDESTEK YAYINLARI
999 _c1120021
_d1120021